[Event "Wittelsbach op 11th"]
[Site "Kelheim"]
[Date "2024.12.30"]
[Round "7"]
[White "Goldbeck, Lars"]
[Black "Boehme, Markus"]
[Result "1-0"]
[WhiteElo "2392"]
[BlackElo "2165"]
[PlyCount "73"]
[EventDate "2024.12.27"]
[EventType "swiss"]
[EventRounds "7"]
[EventCountry "GER"]
[SourceTitle "CB02_2025"]
[SourceDate "2025.01.08"]
[SourceVersion "1"]
[SourceVersionDate "2025.01.08"]
[SourceQuality "1"]

1. d4 Nf6 2. Nf3 e6 3. e3 d5 4. Bd3 b6 5. b3 Bb7 6. Bb2 Bd6 7. Nbd2 0-0 8. 0-0 Ne4 9. c4 Nd7 10. Qc2 f5 11. cxd5 Nxd2 12. Qxd2 Bxd5 13. Qe2 Qf6 14. Bc4 g5 15. g3 Qh6 16. Ne5 Nf6 17. f3 g4 18. f4 Ne4 19. Rac1 Rad8 20. Bxd5 exd5 21. Rc6 Rf6 22. Rc2 Qh3 23. Nc6 Re8 24. Qb5 Nxg3 25. Qxd5+ Kf8 26. hxg3 Qxg3+ 27. Qg2 Qxe3+ 28. Qf2 Qe4 29. Bc1 Rh6 30. Qg2 Qd3 31. Rd2 Qc3 32. Rc2 Qd3 33. Rd2 Qc3 34. Qd5 Qg3+ 35. Rg2 Qd3 36. Ne5 Qh3 37. Qf7# 1-0

[Event "Budapest SixDays 09 IM-B"]
[Site "Budapest"]
[Date "2024.09.26"]
[Round "5"]
[White "Goldbeck, Lars"]
[Black "Skytte, Rasmus"]
[Result "1/2-1/2"]
[WhiteElo "2359"]
[BlackElo "2348"]
[PlyCount "47"]
[EventDate "2024.09.24"]
[EventType "tourn"]
[EventRounds "9"]
[EventCountry "HUN"]
[SourceTitle "EXT 2025"]
[Source "ChessBase"]
[SourceDate "2024.10.14"]
[SourceVersion "1"]
[SourceVersionDate "2024.10.14"]
[SourceQuality "1"]

1. d4 d5 2. c4 e6 3. Nc3 c5 4. cxd5 cxd4 5. Qa4+ Bd7 6. Qxd4 exd5 7. Qxd5 Nf6 8. Qd1 Bc5 9. Nf3 0-0 10. e3 Nc6 11. Be2 Qe7 12. 0-0 Ne5 13. Nd4 Rfd8 14. Bd2 Nc6 15. Nb3 Bb6 16. Nb5 Bf5 17. Qe1 a6 18. N5d4 Nxd4 19. Nxd4 Bxd4 20. exd4 Rxd4 21. Bf3 Qxe1 22. Bxe1 Ne4 23. Rc1 Re8 24. Bxe4 1/2-1/2

[Event "Bayern-ch 95th"]
[Site "Rosenheim"]
[Date "2024.08.26"]
[Round "2"]
[White "Kottmair, Toni"]
[Black "Goldbeck, Lars"]
[Result "0-1"]
[WhiteElo "2110"]
[BlackElo "2321"]
[PlyCount "88"]
[EventDate "2024.08.25"]
[EventType "swiss"]
[EventRounds "9"]
[EventCountry "GER"]
[SourceTitle "CBM 221 Extra"]
[Source "ChessBase"]
[SourceDate "2024.09.30"]
[SourceVersion "1"]
[SourceVersionDate "2024.09.30"]
[SourceQuality "1"]

1. e4 c6 2. d3 d5 3. Nd2 e5 4. Ngf3 Bd6 5. g3 Nf6 6. Bg2 0-0 7. 0-0 Re8 8. c3 Nbd7 9. Qc2 a5 10. a4 dxe4 11. dxe4 Bc5 12. Nc4 b5 13. Ne3 Nb6 14. b3 bxa4 15. bxa4 Ng4 16. Re1 Qf6 17. Nxg4 Bxg4 18. Bg5 Qe6 19. Nd2 h6 20. Be3 Qe7 21. Bf1 Be6 22. Rab1 Reb8 23. Bxc5 Qxc5 24. Rb2 Nd7 25. Reb1 Rxb2 26. Rxb2 Rb8 27. Rxb8+ Nxb8 28. Kg2 Nd7 29. Qb2 Nb6 30. Qa1 Kf8 31. Be2 Ke8 32. Bd1 Nc4 33. Nxc4 Qxc4 34. Bc2 Qa2 35. Qxa2 Bxa2 36. Kf3 Be6 37. h4 Ke7 38. Ke3 Kd6 39. Bd1 Kc5 40. Kd3 Bc4+ 41. Ke3 Ba2 42. Kd3 Bb1+ 43. Bc2 Bxc2+ 44. Kxc2 g5 0-1

[Event "BL2-Ost 2324"]
[Site "Germany"]
[Date "2024.02.24"]
[Round "7.5"]
[White "Schlichtmann, Robin"]
[Black "Goldbeck, Lars"]
[Result "0-1"]
[WhiteElo "2279"]
[BlackElo "2272"]
[PlyCount "102"]
[EventDate "2023.10.21"]
[EventType "team-tourn"]
[EventRounds "10"]
[EventCountry "GER"]
[SourceTitle "EXT 2025"]
[Source "ChessBase"]
[SourceDate "2024.10.14"]
[SourceVersion "1"]
[SourceVersionDate "2024.10.14"]
[SourceQuality "1"]
[WhiteTeam "Garching"]
[BlackTeam "Regensburg Bavaria"]
[WhiteTeamCountry "GER"]
[BlackTeamCountry "GER"]

1. e4 c6 2. d4 d5 3. e5 Bf5 4. Nf3 e6 5. Be2 Nd7 6. 0-0 a5 7. a4 f6 8. c4 fxe5 9. dxe5 Bc5 10. Nbd2 Ne7 11. Nb3 Ba7 12. Nbd4 0-0 13. Bd3 Nxe5 14. Nxe5 Bxd4 15. Nf3 Bb6 16. Re1 dxc4 17. Bxf5 Nxf5 18. Qe2 Qd3 19. Qxe6+ Kh8 20. Ne5 Qd5 21. Qxd5 cxd5 22. Nd7 Rfe8 23. Bg5 Bd4 24. g4 h6 25. gxf5 hxg5 26. Rxe8+ Rxe8 27. Rd1 Rd8 28. Rxd4 Rxd7 29. Kg2 Kg8 30. Kg3 Kf7 31. Kg4 Kf6 32. f4 gxf4 33. Kxf4 Rd8 34. h3 Rd7 35. h4 Rd8 36. h5 Rd6 37. Rd1 d4 38. h6 gxh6 39. Rh1 Kf7 40. Ke5 Rd8 41. Rxh6 d3 42. Rh7+ Kg8 43. Rh1 d2 44. Rd1 Kf7 45. f6 b5 46. axb5 a4 47. b6 a3 48. bxa3 c3 49. b7 Rb8 50. Rh1 Rxb7 51. Rh7+ Kg6 0-1

[Event "AUT-chT2W 2324"]
[Site "Austria"]
[Date "2023.11.12"]
[Round "5.3"]
[White "Maurer, Jochen"]
[Black "Goldbeck, Lars"]
[Result "0-1"]
[WhiteElo "2182"]
[BlackElo "2259"]
[PlyCount "120"]
[EventDate "2023.09.29"]
[EventType "team-tourn"]
[EventRounds "11"]
[EventCountry "AUT"]
[SourceTitle "EXT 2025"]
[Source "ChessBase"]
[SourceDate "2024.10.14"]
[SourceVersion "1"]
[SourceVersionDate "2024.10.14"]
[SourceQuality "1"]
[WhiteTeam "Kufstein/Woergl"]
[BlackTeam "Salzburg Royal"]
[WhiteTeamCountry "AUT"]
[BlackTeamCountry "AUT"]

1. e4 c6 2. Nf3 d5 3. d3 Qc7 4. Nc3 dxe4 5. dxe4 e5 6. Bc4 b5 7. Bb3 h6 8. 0-0 Nd7 9. a4 b4 10. Ne2 Ngf6 11. Ng3 Nc5 12. Bc4 Be7 13. Re1 0-0 14. h3 Rd8 15. Qe2 Ne6 16. Nf5 Bc5 17. g3 Bf8 18. b3 c5 19. Bb2 Nd4 20. N3xd4 cxd4 21. Qf3 Ne8 22. g4 g6 23. Ng3 Nd6 24. Bd3 Be7 25. Bc1 Bg5 26. Bxg5 hxg5 27. Qf6 Re8 28. Qxg5 Qe7 29. Qxe7 Rxe7 30. Rf1 g5 31. Nh5 a5 32. Nf6+ Kg7 33. Nd5 Rb7 34. h4 Bxg4 35. f3 Bh3 36. Rf2 gxh4 37. Rh2 Be6 38. Rxh4 Bxd5 39. exd5 Rh8 40. Rxh8 Kxh8 41. Kf2 f5 42. Rg1 Rg7 43. Re1 Re7 44. Bb5 Kg7 45. Rg1+ Kf6 46. Rg8 e4 47. fxe4 fxe4 48. Rh8 Rf7 49. Ke2 Ke5 50. Bc6 e3 51. Rh2 Ne4 52. Rh5+ Kd6 53. Kd3 Kc5 54. Bb5 Nd6 55. Ke2 Rf2+ 56. Kd1 Ne4 57. Bc4 Rg2 58. Rh6 Nc3+ 59. Ke1 Rg1+ 60. Bf1 e2 0-1

[Event "Bayern-chI Bank Hofmann 26th"]
[Site "Tegernsee"]
[Date "2023.11.02"]
[Round "6"]
[White "Basener, Winfried"]
[Black "Goldbeck, Lars"]
[Result "1-0"]
[WhiteElo "1941"]
[BlackElo "2272"]
[PlyCount "207"]
[EventDate "2023.10.28"]
[EventType "swiss"]
[EventRounds "9"]
[EventCountry "GER"]
[SourceTitle "CBM 217 Extra"]
[Source "ChessBase"]
[SourceDate "2024.01.31"]
[SourceVersion "1"]
[SourceVersionDate "2024.01.31"]
[SourceQuality "1"]

1. e4 c5 2. Nf3 Nc6 3. d4 cxd4 4. Nxd4 e5 5. Nb5 d6 6. c4 a6 7. N5c3 f5 8. exf5 Bxf5 9. Bd3 Be6 10. Be3 Nf6 11. Be2 Be7 12. 0-0 0-0 13. b3 Qe8 14. Bf3 Qg6 15. Nd5 e4 16. Nf4 Qf5 17. Be2 Bf7 18. Nc3 Rae8 19. Ncd5 Bd8 20. Rc1 Ne5 21. Nxf6+ Bxf6 22. Nd5 Bh4 23. Nf4 Kh8 24. Kh1 Bg5 25. Nd5 Bd8 26. Nf4 Bg8 27. Rc2 Ba5 28. a3 Bd8 29. Rd2 Bc7 30. Nd5 Bb8 31. Bb6 Qg5 32. Be3 Qh4 33. Bb6 Bf7 34. a4 h6 35. Ne3 d5 36. g3 Qh3 37. Bc5 Rg8 38. cxd5 Nf3 39. Bxf3 exf3 40. Qxf3 Qd7 41. Qf5 Be6 42. Qg6 Bf7 43. Qf5 Be6 44. Qf3 Be5 45. Rfd1 Bf7 46. Qf5 Qxf5 47. Nxf5 Bh5 48. Rc1 Bc3 49. Rdc2 Bg6 50. Rxc3 Bxf5 51. f3 Re2 52. g4 Bd7 53. Re3 Rd2 54. Re5 Rc8 55. Rc3 b6 56. Bb4 Rxc3 57. Bxc3 Rd3 58. Re7 Rxc3 59. Rxd7 Rxf3 60. Ra7 Rxb3 61. Rxa6 Rd3 62. Rxb6 Rxd5 63. h3 Rd3 64. Kg2 Ra3 65. Ra6 Kh7 66. h4 g5 67. Ra7+ Kg6 68. Ra6+ Kf7 69. h5 Kg7 70. Kf2 Kh7 71. Ra7+ Kg8 72. a5 Ra4 73. Kf3 Rf4+ 74. Kg3 Ra4 75. a6 Ra3+ 76. Kf2 Ra4 77. Ke3 Kf8 78. Kd3 Ke8 79. Kc3 Kd8 80. Kb3 Ra1 81. Kb4 Kc8 82. Kb5 Rb1+ 83. Kc6 Rc1+ 84. Kd6 Kb8 85. Rb7+ Ka8 86. Rc7 Rg1 87. Rc4 Ka7 88. Ra4 Re1 89. Kd5 Rg1 90. Ke5 Rf1 91. Rd4 Kxa6 92. Rd6+ Kb7 93. Rxh6 Rf4 94. Rg6 Rxg4 95. Kf5 Rg1 96. Rxg5 Rh1 97. Kg6 Kc7 98. h6 Kd7 99. Kg7 Re1 100. h7 Re7+ 101. Kh6 Re8 102. Rg8 Re6+ 103. Kg5 Re5+ 104. Kf4 1-0

[Event "AUT-chT2W 2324"]
[Site "Austria"]
[Date "2023.10.01"]
[Round "3.2"]
[White "Schloffer, Jasmin Denise"]
[Black "Goldbeck, Lars"]
[Result "0-1"]
[WhiteElo "2141"]
[BlackElo "2259"]
[PlyCount "146"]
[EventDate "2023.09.29"]
[EventType "team-tourn"]
[EventRounds "11"]
[EventCountry "AUT"]
[SourceTitle "CBM 216 Extra"]
[Source "ChessBase"]
[SourceDate "2023.11.30"]
[SourceVersion "1"]
[SourceVersionDate "2023.11.30"]
[SourceQuality "1"]
[WhiteTeam "Salzburg ASK"]
[BlackTeam "Salzburg Royal"]
[WhiteTeamCountry "AUT"]
[BlackTeamCountry "AUT"]

1. d4 d5 2. c4 e6 3. Nc3 a6 4. cxd5 exd5 5. Bf4 Nf6 6. e3 c5 7. Nf3 c4 8. Be2 b5 9. Ne5 Bb7 10. 0-0 Be7 11. Bf3 Nbd7 12. a3 Nb6 13. h3 0-0 14. Qc2 Rc8 15. Rfd1 Re8 16. Re1 Bd6 17. Rad1 Qc7 18. Qf5 Rcd8 19. Qg5 Ne4 20. Bxe4 dxe4 21. Qg3 f6 22. Ng4 Kh8 23. Bxd6 Qxd6 24. Qxd6 Rxd6 25. Nh2 Nd5 26. Nxd5 Bxd5 27. f3 Kg8 28. Kf2 Kf7 29. Nf1 f5 30. Ng3 g6 31. Ne2 Kf6 32. Nc3 Bb7 33. Rd2 Rd7 34. Rdd1 Rd6 35. Rd2 Re7 36. Rdd1 Rd8 37. Rd2 g5 38. d5 exf3 39. gxf3 h6 40. e4 f4 41. Ne2 Bc8 42. Nd4 Bd7 43. Rdd1 Ke5 44. Rh1 Rc8 45. Nc2 Rg7 46. Rde1 a5 47. Ke2 Rg6 48. Kd2 Rb6 49. Kc3 b4+ 50. axb4 axb4+ 51. Nxb4 Rcb8 52. Nc6+ Bxc6 53. dxc6 Rxc6 54. Rhf1 Rb3+ 55. Kc2 Rcb6 56. Rb1 R6b5 57. Rbd1 Rxb2+ 58. Kc3 R5b4 59. Rd5+ Ke6 60. Rfd1 R2b3+ 61. Kc2 Rxf3 62. Rd6+ Ke5 63. Rxh6 Re3 64. Rd5+ Kxe4 65. Rxg5 Rbb3 66. Rc6 Rbc3+ 67. Kb2 Kf3 68. h4 Rb3+ 69. Kc2 Re2+ 70. Kc1 Rc3+ 71. Kb1 Rb3+ 72. Ka1 c3 73. Rgc5 Ra3+ 0-1

[Event "AUT-chT2W 2324"]
[Site "Austria"]
[Date "2023.09.29"]
[Round "1.2"]
[White "Goldbeck, Lars"]
[Black "Stajner, Samo"]
[Result "1-0"]
[WhiteElo "2259"]
[BlackElo "2383"]
[PlyCount "90"]
[EventDate "2023.09.29"]
[EventType "team-tourn"]
[EventRounds "11"]
[EventCountry "AUT"]
[SourceTitle "CBM 216 Extra"]
[Source "ChessBase"]
[SourceDate "2023.11.30"]
[SourceVersion "1"]
[SourceVersionDate "2023.11.30"]
[SourceQuality "1"]
[WhiteTeam "Salzburg Royal"]
[BlackTeam "Schwarzach"]
[WhiteTeamCountry "AUT"]
[BlackTeamCountry "AUT"]

1. d4 f5 2. Nf3 Nf6 3. c4 e6 4. Nc3 d5 5. Bf4 c6 6. e3 Be7 7. Bd3 0-0 8. Qc2 Ne4 9. h3 Na6 10. a3 Qa5 11. Ke2 c5 12. cxd5 cxd4 13. Nxe4 fxe4 14. Bxe4 Bf6 15. Bd6 Bd7 16. b4 Qb5+ 17. Bd3 Rfc8 18. Bxb5 Bxb5+ 19. Kd1 Rxc2 20. Kxc2 Rc8+ 21. Kd2 dxe3+ 22. Kxe3 Rc3+ 23. Kf4 Rc4+ 24. Kg3 Bxa1 25. Rxa1 exd5 26. Rd1 Bc6 27. Rd3 h6 28. Ne5 Rc2 29. h4 Kh7 30. Rf3 d4 31. Rd3 Rc3 32. f3 Be8 33. Rxd4 Rxa3 34. b5 Ra2 35. bxa6 Rxa6 36. Kf4 b5 37. Bc5 Rf6+ 38. Ke4 g5 39. hxg5 hxg5 40. Rd8 Rf4+ 41. Ke3 Bh5 42. g4 a5 43. gxh5 b4 44. Ng6 Rf7 45. Rh8+ Kg7 1-0

[Event "Munich Pfingst op-A 1st"]
[Site "Munich"]
[Date "2023.06.03"]
[Round "5"]
[White "Parvanyan, Ashot"]
[Black "Goldbeck, Lars"]
[Result "1/2-1/2"]
[WhiteElo "2431"]
[BlackElo "2207"]
[PlyCount "86"]
[EventDate "2023.05.31"]
[EventType "swiss"]
[EventRounds "9"]
[EventCountry "GER"]
[SourceTitle "CBM 214 Extra"]
[Source "ChessBase"]
[SourceDate "2023.07.31"]
[SourceVersion "1"]
[SourceVersionDate "2023.07.31"]
[SourceQuality "1"]

1. e4 c6 2. Nc3 d5 3. Qe2 d4 4. Nd1 e5 5. d3 Bd6 6. g3 c5 7. f4 Nc6 8. Nf3 Nge7 9. Bg2 f6 10. 0-0 exf4 11. gxf4 0-0 12. Nh4 Qc7 13. Kh1 Be6 14. Bd2 Rae8 15. c4 a6 16. b3 Kh8 17. Nb2 Rb8 18. Rf2 Qd7 19. Rg1 b5 20. Bf3 f5 21. e5 Bc7 22. Qf1 g6 23. Qh3 Kg7 24. Be2 Rh8 25. Nf3 h6 26. Rfg2 Rbg8 27. Qh4 Kf8 28. Qe1 Kf7 29. Qc1 Bb6 30. Be1 Ke8 31. Bh4 Rh7 32. Bf6 Bf7 33. Qe1 Nd8 34. Qh4 Ne6 35. a4 b4 36. Ng5 hxg5 37. Qxh7 Nxf4 38. Bxg5 Nxg2 39. Kxg2 Nc6 40. Bf3 Be6 41. Bxc6 Qxc6+ 42. Kf2 Qc7 43. Qh4 a5 1/2-1/2

[Event "Munich Pfingst op-A 1st"]
[Site "Munich"]
[Date "2023.06.01"]
[Round "2"]
[White "Goldbeck, Lars"]
[Black "Harshavardhan, GB."]
[Result "1/2-1/2"]
[WhiteElo "2207"]
[BlackElo "2408"]
[PlyCount "188"]
[EventDate "2023.05.31"]
[EventType "swiss"]
[EventRounds "9"]
[EventCountry "GER"]
[SourceTitle "CBM 214 Extra"]
[Source "ChessBase"]
[SourceDate "2023.07.31"]
[SourceVersion "1"]
[SourceVersionDate "2023.07.31"]
[SourceQuality "1"]

1. d4 Nf6 2. c4 e6 3. Nc3 Bb4 4. e3 b6 5. Nge2 Bb7 6. a3 Be7 7. Nf4 a5 8. Bd3 d6 9. d5 e5 10. Nfe2 Nbd7 11. Rb1 0-0 12. 0-0 c6 13. dxc6 Bxc6 14. b4 axb4 15. axb4 e4 16. Nd4 Bb7 17. Be2 Ne5 18. Nf5 Qd7 19. Nxe7+ Qxe7 20. Bb2 Qe6 21. Nb5 Ne8 22. Kh1 Rc8 23. Qd4 Nxc4 24. Bxc4 Rxc4 25. Qxb6 Rxb4 26. Bxg7 Rxb1 27. Rxb1 Nxg7 28. Qxb7 f5 29. Nc7 Qa2 30. Qd5+ Qxd5 31. Nxd5 Ra8 32. g3 Ra5 33. Rb8+ Kf7 34. Rb7+ Kg6 35. Nf4+ Kf6 36. Kg2 Ra1 37. Nd5+ Kg6 38. Rd7 Ra6 39. Ne7+ Kf6 40. Nd5+ Kg6 41. Ne7+ Kf6 42. Nc8 Ne6 43. Rxd6 Ra2 44. Nb6 Rc2 45. h4 Rb2 46. Rc6 Rd2 47. Na4 Rd5 48. Nc3 Rc5 49. Rxc5 Nxc5 50. Nd5+ Ke5 51. Nf4 Nd7 52. Nh5 Nc5 53. Kf1 Ke6 54. Kg1 Nd7 55. Kh2 Ne5 56. Kg2 Ng4 57. Kf1 Kf7 58. Ke2 Ne5 59. Nf4 Kf6 60. Nh3 Kg6 61. Nf4+ Kf6 62. Kd2 Ng4 63. Nh3 Kg6 64. Nf4+ Kf6 65. Nh3 h6 66. Kc3 Ke5 67. Kc4 Kd6 68. Kd4 Ne5 69. Nf4 Ng4 70. Nh3 Ne5 71. Kc3 Ng4 72. Kd2 Ke7 73. Ke2 Ne5 74. Nf4 Kf6 75. Nd5+ Ke6 76. Nb4 Kf6 77. Nc2 Ke6 78. Nd4+ Kf6 79. Kd2 Ng4 80. Ke1 Kg6 81. Ke2 Kf6 82. f3 exf3+ 83. Kxf3 Ne5+ 84. Ke2 Ng4 85. Nf3 Ke6 86. Nd2 Ke5 87. Nc4+ Kd5 88. Nb2 Ke4 89. Nd1 Ke5 90. Nf2 Nh2 91. Nd3+ Kd5 92. Nf2 Ke5 93. Nd3+ Kd5 94. Nf2 Ke5 1/2-1/2

[Event "Neckar op 20th"]
[Site "Deizisau"]
[Date "2023.04.09"]
[Round "6"]
[White "Lohr, Maximilian"]
[Black "Goldbeck, Lars"]
[Result "1/2-1/2"]
[WhiteElo "2101"]
[BlackElo "2243"]
[PlyCount "40"]
[EventDate "2023.04.06"]
[EventType "swiss"]
[EventRounds "9"]
[EventCountry "GER"]
[SourceTitle "CBM 213 Extra"]
[Source "ChessBase"]
[SourceDate "2023.05.31"]
[SourceVersion "1"]
[SourceVersionDate "2023.05.31"]
[SourceQuality "1"]

1. d4 d5 2. Nc3 Nf6 3. Bf4 c5 4. e3 cxd4 5. exd4 Bg4 6. f3 Bd7 7. Nb5 Bxb5 8. Bxb5+ Nc6 9. c3 e6 10. Ne2 Bd6 11. Qd2 Bxf4 12. Nxf4 a6 13. Bxc6+ bxc6 14. Nd3 Nd7 15. Qf4 a5 16. Qd6 Rc8 17. a4 Qe7 18. Qxe7+ Kxe7 19. b4 Ra8 20. Kf2 Rhb8 1/2-1/2

[Event "Neckar op 20th"]
[Site "Deizisau"]
[Date "2023.04.08"]
[Round "5"]
[White "Goldbeck, Lars"]
[Black "Stoettner, Moritz"]
[Result "1/2-1/2"]
[WhiteElo "2243"]
[BlackElo "2114"]
[PlyCount "38"]
[EventDate "2023.04.06"]
[EventType "swiss"]
[EventRounds "9"]
[EventCountry "GER"]
[SourceTitle "CBM 213 Extra"]
[Source "ChessBase"]
[SourceDate "2023.05.31"]
[SourceVersion "1"]
[SourceVersionDate "2023.05.31"]
[SourceQuality "1"]

1. d4 d6 2. Nf3 g6 3. e4 Bg7 4. Nbd2 c6 5. a4 Nf6 6. Bd3 0-0 7. 0-0 Nh5 8. Re1 e5 9. dxe5 dxe5 10. Nc4 Qc7 11. Bf1 Rd8 12. Qe2 Na6 13. g3 f6 14. Bd2 Bf8 15. Red1 Be6 16. Bc3 Ng7 17. h3 Nc5 18. b3 Bf7 19. Rd2 Rxd2 1/2-1/2